| 000 | 00543 a2200205 4500 | ||
|---|---|---|---|
| 020 | _a1-86094-275-X | ||
| 020 | _a1-86094-273-3 | ||
| 040 |
_aDLC _bDLC |
||
| 082 | _a003 | ||
| 100 | 1 | _aKaposi, Agnes | |
| 245 | 0 | 0 |
_aSystems for all _cAgnes Kaposi, Margaret Myers |
| 260 |
_aLondon : _bImperial College Press, _cc2001 |
||
| 300 |
_aix, 375 p. : _bill. ; _c25 cm. |
||
| 650 | 7 | _aSystem theory | |
| 650 | 7 |
_aSystem theory _xManagement |
|
| 650 | 7 | _aSystemteori | |
| 650 | 7 | _aSystem theory | |
| 700 | 1 | _aMyers, Margaret | |
| 942 |
_cBK _k005 KAP _2ddc |
||
| 999 |
_c4140 _d4140 |
||